خطاب الى العقل العربي / (Record no. 16191)
[ view plain ]
| 000 -الفاتح | |
|---|---|
| حقل البيانات ثابتة الطول | 00636nam a22001577a 4500 |
| 008 - عناصر البيانات ثابتة الطول - معلومات عامة | |
| حقل البيانات ثابتة الطول | 111103s1990 ua|||||r|||| 000 0 ara d |
| 020 ## - الرقم الدولى المعيارى للكتب | |
| الرقم الدولى المعيارى للكتاب | 9771105758 |
| 082 ## - رقم تصنيف ديوى العشرى | |
| رقم الطبعة | 22 |
| رقم التصنيف | 301.20953 |
| رقم المادة | ز ك ر |
| 100 ## - المدخل الرئيسى - إسم شخصى | |
| 9 (RLIN) | 16928 |
| الإسم الشخصى | زكريا ، فؤاد |
| 245 ## - بيان العنوان | |
| العنوان | خطاب الى العقل العربي / |
| بيان المسئوليه,etc | فؤاد زكريا |
| 260 ## - PUBLICATION, DISTRIBUTION, ETC. (IMPRINT) | |
| مكان الناشر او الموزع | القاهرة : |
| اسم الناشر او الموزع | مكتبة مصر ، [1990] |
| تاريخ النشر أو التوزيع | [1990] |
| 300 ## - الوصف المادى | |
| التعداد | 194 ص ؛ |
| أبعاد الوعاء | 19 سم |
| 650 ## - المدخل الاضافى بالموضوع-مصطلح موضوعى | |
| 9 (RLIN) | 13400 |
| مصطلح موضوعي أو اسم جغرافي كعنصر مدخل | الثقافة العربية |
| 942 ## - عناصر المدخل الإضافي( كوها) | |
| مصدر التصنيف او مخطط الترفيف | Dewey Decimal Classification |
| Koha [default] item type | Book - Borrowing |
| حالة التراجع | حالة الفقد | مصدر التصنيف او خطة الترفيف | حالة تلف | ليس للاعارة | مجموعات كوها | المكان الدائم | المكان الحالي | موقع الترفيف | تاريخ الاكتساب | Source of acquisition | رقم الاستدعاء | الباركود | Date last seen | مُعار | نوع الوعاء |
|---|---|---|---|---|---|---|---|---|---|---|---|---|---|---|---|
| Dewey Decimal Classification | Alef-Baa | Central Library | Central Library | First floor | 03/11/2011 | 301.20953 ز ك ر | 000025591 | 15/07/2025 | 11/03/2018 | Book - Borrowing |